[Event "SVK-chT3B2 2122"]
[Site "Slovakia"]
[Date "2022.05.08"]
[Round "10.8"]
[White "Janik, Adrian"]
[Black "Cibicek, Peter"]
[Result "1-0"]
[WhiteElo "1000"]
[BlackElo "1000"]
[PlyCount "63"]
[EventDate "2021.10.24"]
[EventType "team-tourn"]
[EventRounds "11"]
[EventCountry "SVK"]
[SourceTitle "EXT 2024"]
[Source "ChessBase"]
[SourceDate "2023.10.10"]
[SourceVersion "1"]
[SourceVersionDate "2023.10.10"]
[SourceQuality "1"]
[WhiteTeam "Puchov Vcielka"]
[BlackTeam "Dubnica nad Vahom IV"]
[WhiteTeamCountry "SVK"]
[BlackTeamCountry "SVK"]

1. e4 e5 2. Nf3 Nf6 3. Nc3 Nc6 4. Bc4 Bc5 5. d3 0-0 6. Bg5 h6 7. Bh4 d6 8. Nd5 Ng4 9. d4 exd4 10. Bxd8 Rxd8 11. 0-0 Be6 12. Nxc7 Rac8 13. Nxe6 fxe6 14. Bxe6+ Kf8 15. Bxc8 Rxc8 16. Nh4 Re8 17. Ng6+ Kf7 18. Qxg4 Bb6 19. Qd7+ Ne7 20. e5 d5 21. e6+ Kxg6 22. Qxe8+ Kf6 23. Qf7+ Ke5 24. Qxe7 g5 25. Qg7+ Kd6 26. e7 Bc5 27. e8Q Bb6 28. Rfe1 Kc5 29. a4 Ba5 30. Re5 b6 31. Rxd5+ Kb4 32. Qb5# 1-0

[Event "SVK-chT3B2 2122"]
[Site "Slovakia"]
[Date "2022.03.13"]
[Round "6.8"]
[White "Janik, Adrian"]
[Black "Poruban, Lubomir"]
[Result "0-1"]
[WhiteElo "1000"]
[BlackElo "1639"]
[PlyCount "36"]
[EventDate "2021.10.24"]
[EventType "team-tourn"]
[EventRounds "11"]
[EventCountry "SVK"]
[SourceTitle "EXT 2024"]
[Source "ChessBase"]
[SourceDate "2023.10.10"]
[SourceVersion "1"]
[SourceVersionDate "2023.10.10"]
[SourceQuality "1"]
[WhiteTeam "Puchov Vcielka"]
[BlackTeam "Nemsova Horne Srnie"]
[WhiteTeamCountry "SVK"]
[BlackTeamCountry "SVK"]

1. e4 Nf6 2. Nf3 Nxe4 3. Bc4 d5 4. Bb3 Bg4 5. Ba4+ c6 6. c3 Nd7 7. h3 Bh5 8. g4 Bg6 9. Bb3 Nec5 10. Ng5 Nd3+ 11. Kf1 e5 12. Bc2 Qxg5 13. h4 Qf4 14. Qe2 Nxc1 15. Qe1 Bxc2 16. Qxc1 Bc5 17. Rh2 Qxh2 18. Qxc2 Qxf2# 0-1